000 04394nam0a22006371 4500
001 RU\NLR\A1\10026
005 20260407112121.0
035 _a(NLR Aleph) 009673467
090 _a9672409
_c9672409
100 _a19970616d1800 m y0rusy50 ca
101 1 _arus
_ceng
102 _aRU
135 _acrcn 024anaba
140 _ay y ka yaa0000
200 1 _aОпыт о красноречии проповедников.
_fСочинение г. аглинскаго доктора Блера.
_gПереведен на российский язык находящимся при Коппенгагенской миссии греко-российским священником Иваном Павинским.
210 _aВ Санктпетербурге
_cв типографии Святейшаго Синода
_d1800
215 _a[2], 98 с.
_d12°
306 _aНапечатано на счет Александро-Невской академии
310 _aТираж 1200 экз.
316 _aЭкз. РНБ (18.112.5.51) в составном картон. пер., оклеенном мрамор. бумагой, с кожаным корешком и уголками коричневого цвета. На нижней крышке пер. экслибрис Рус. фонда РНБ с шифром. Корешок гладкий с золотым тиснением и выстисн. загл.: "Опыт о краснор." На корешке бумаж. наклейка с порядковым номером книги на полке: "51". На форзаце ярлык с шифром РНБ, наклеенный поверх экслибриса б-ки Смирдина, и ярлык со старым шифром РНБ (перечеркнут). На тит. л. и с. 98 круглый штамп ГПБ и штамп ИБ в венке с короной. На с.33 круглый штамп ГПБ. Размер: 16,3х9,8х1,5 см
_5NLR: 18.112.5.51
316 _aЭкз. РНБ (РЗФ 18 в. 1/335) в обл. из синей бумаги. На 4-й странице обл. экслибрис РЗФ ГПБ с шифром. На корешке бумаж. наклейка с номером: "053".
_5NLR: РЗФ 18 в. 1/335
316 _aЭкз. РНБ (РЗФ 18 в. 1/335а) в обл. из синей бумаги. На 4-й странице обл. экслибрис РЗФ ГПБ с шифром. На корешке бумаж. наклейка с номером: "4041".
_5NLR: РЗФ 18 в. 1/335а
317 _aВ экз. РНБ (18.112.5.51) на форзаце экслибрис Б-ки для чтения А.Ф.Смирдина (Богомолов 14507), с вписанным номером: 6047
_5NLR: 18.112.5.51
321 1 _aСК XVIII 608
321 _aСК XVIII. Т.5. С.296
325 _aКопия доступна в Электрон. б-ке РНБ
620 _dСанкт-Петербург
700 1 _4070
_8rus
_7ca
_aБлэр
_bХ.
_f1718-1800
_gХью
_3RU\NLR\AUTH\77106742
_989667
702 0 _6z02790
_aИона
_cПавинский, Иван Дмитриевич
_f1773-1828
_4730
712 0 2 _4610
_aПетербургская синодальная типография
_3RU\NLR\AUTH\889940130
_9375089
790 1 _6z02702
_aПавинский
_bИ. Д.
_gИван Дмитриевич
790 1 _6z03700
_aБлер
801 0 _aRU
_bNLR
_c19970616
852 _aNLR
_j18.112.5.51
852 _aNLR
_bРЗФ
_j18 в. 1/335
852 _aNLR
_bРЗФ
_j18 в. 1/335а
856 0 _uhttp://vivaldi.nlr.ru/bx000016646/view
856 1 _uhttp://vivaldi.nlr.ru/bx000016646/cover
856 2 _uhttp://vivaldi.nlr.ru/bx000016646/text
899 _aВМП
899 _aРГБ
899 _aГМЗРК
899 _aКостОУНБ
899 _aБАН
899 _aГПИБ
899 _aНБЛ КГУ
942 _cBOOK
980 _aNB
980 3 _akpcivil
980 3 _akp
980 _aA1XVIIIv
981 2 0 _a(20) Книжные памятники РНБ
_b(20) Русский книжный фонд